The brand excellence handbook : (Record no. 11522)

MARC details
000 -LEADER
fixed length control field 00930nac a22002651u 4500
003 - CONTROL NUMBER IDENTIFIER
control field EG-ScBUE
005 - DATE AND TIME OF LATEST TRANSACTION
control field 20210922100443.0
008 - FIXED-LENGTH DATA ELEMENTS--GENERAL INFORMATION
fixed length control field 090510s2008 ua a f 000 0 eng d
020 ## - INTERNATIONAL STANDARD BOOK NUMBER
International Standard Book Number 9771023594
040 ## - CATALOGING SOURCE
Original cataloging agency EG-ScBUE
Language of cataloging eng
Description conventions rda
Transcribing agency EG-ScBUE
Modifying agency EG-ScBUE
082 04 - DEWEY DECIMAL CLASSIFICATION NUMBER
Classification number 658.827
Item number HAD
Edition number 22
100 1# - MAIN ENTRY--PERSONAL NAME
Personal name Haddad, Farid,
Relator term author.
9 (RLIN) 4704
245 14 - TITLE STATEMENT
Title The brand excellence handbook :
Remainder of title a new perspective in brand management to unleash the hidden powers of your brand /
Statement of responsibility, etc Farid Haddad.
264 #1 - PUBLICATION, DISTRIBUTION, ETC. (IMPRINT)
Place of publication, distribution, etc Cairo :
Name of publisher, distributor, etc Dar El-Fikr El-Arabi,
Date of publication, distribution, etc 2008.
300 ## - PHYSICAL DESCRIPTION
Extent 96 pages :
Other physical details illustrations ;
Dimensions 21 cm
336 ## - CONTENT TYPE
Source rdacontent
Content type term text
Content type code txt
337 ## - MEDIA TYPE
Source rdamedia
Media type term unmediated
Media type code n
338 ## - CARRIER TYPE
Source rdacarrier
Carrier type term volume
Carrier type code nc
650 #7 - SUBJECT ADDED ENTRY--TOPICAL TERM
Topical term or geographic name as entry element Product management.
Source of heading or term BUEsh
9 (RLIN) 4706
651 #7 - SUBJECT ADDED ENTRY--GEOGRAPHIC NAME
Source of heading or term BUEsh
653 ## - INDEX TERM--UNCONTROLLED
Arrived date list September2021
Resource For college BAEPS, Business Administration
655 ## - INDEX TERM--GENRE/FORM
Form subdivision Reading book
9 (RLIN) 34232
942 ## - ADDED ENTRY ELEMENTS (KOHA)
Koha item type Book - Borrowing
Call number prefix 658.827HAD
Source of classification or shelving scheme Dewey Decimal Classification
Holdings
Withdrawn status Lost status Source of classification or shelving scheme Materials specified (bound volume or other part) Damaged status Not for loan Collection code Home library Current library Shelving location Date acquired Source of acquisition Total Checkouts Full call number Barcode Date last seen Date checked out Price effective from Koha item type
  Lost Dewey Decimal Classification Lost In Inventory_2015-8-23       Central Library Central Library First floor 10/05/2009   4 658.827 HAD 000014865 02/11/2009 29/10/2009 10/05/2009 Book - Borrowing
    Dewey Decimal Classification       Donation-Gift Central Library Central Library First floor 20/09/2021 Donation   658.827 HAD 000046435 15/07/2025   20/09/2021 Book - Borrowing
    Dewey Decimal Classification       Donation-Gift Central Library Central Library First floor 20/09/2021 Donation   658.827 HAD 000046434 15/07/2025   20/09/2021 NB - Book (Non borrowing)